Tratado de paleografía española / Agustín Millares Carlo ..., con la colaboración de José Manuel Ruiz Asencio...
ISBN:
84-239-4986-9
Descripción Física:
3 v. . il. ; 30 cm
Otros Autores:
Ruiz Asencio, José Manuel
Materias:
Paleografia espanyola
MARC
| LEADER | 00000nam a2200000Ia 4500 | ||
|---|---|---|---|
| 001 | 6260, 6261, 6262 | ||
| 008 | 160829s1983 xx 000 0 cat d | ||
| 020 | |a 84-239-4986-9 (o.c.), 84-239-4987-7 (v.1), 84-239-4988-5 (v.2) | ||
| 080 | |a H-1-10, H-1-11, H-1-12 | ||
| 100 | |a Millares Carlo, Agustín |9 37953 | ||
| 245 | |a Tratado de paleografía española / Agustín Millares Carlo ..., con la colaboración de José Manuel Ruiz Asencio... | ||
| 250 | |a 3a ed. | ||
| 260 | |a Madrid : |b Espasa - Calpe, S.A., |c 1983 | ||
| 300 | |a 3 v. . il. ; |c 30 cm | ||
| 590 | |a El volum 2 està duplicat. Falta el volum 3. | ||
| 650 | |a Paleografia espanyola |9 37954 | ||
| 700 | |a Ruiz Asencio, José Manuel |9 37955 | ||
| 901 | |a Arxiu | ||
| 942 | |n 1 | ||
| 952 | |0 0 |1 0 |4 0 |6 H110_H111_H112 |7 1 |9 48170 |a Arxiu |b Arxiu |d 2016-12-01 |l 0 |o H-1-10, H-1-11, H-1-12 |p 6260, 6261, 6262 |r 2016-12-01 00:00:00 |w 2016-12-01 |y ARXIU | ||
| 999 | |c 51973 |d 51973 | ||